000 01093cam a2200217 4500
001 ##L135203
008 061004n2006 000 0 eng u
035 _a(Sirsi) u135203
041 0 _aeng
050 0 4 _a333.33 $2 18
110 2 _aNationwide Building Society
_91019
245 _aNationwide monthly house price review
_bJuly 2006
260 _aLondon
_bNationwide
_c2006
490 0 _aNationwide Monthly House Price Review
_vJuly 2006
520 _aHouse prices increased by 0.8% in July. The annual rate of house price inflation has reached 5.9%, more than double the rate of growth seen a year ago. The price of a typical UK house now stands at £ 167 733, £9 385 more than the same time last year. The worsening affordability is curtailing house purchase demand but boosting tenant demand.
650 2 4 _aNATIONWIDE MONTHLY HOUSE PRICE REVIEW
651 4 _aUnited Kingdom
_y
690 _aPROPERTY-RESIDENTIAL PROPERTY-RESIDENTIAL PROPERTY MARKET
856 4 0 _uhttps://nationwide.co.uk/hpi/review.html
_zView the review free of charge at http://nationwide.co.uk...
942 _n0
999 _c105946
_d105946